What are these Vietnamese names for Chinese cities? - Statistics

General Stats
  • This quiz has been taken 13 times
  • The average score is 17 of 30
Answer Stats
Hint Answer % Correct
Quảng Châu Guangzhou
100%
Bắc Kinh Beijing
92%
Hồng Công Hong Kong
92%
Nam Kinh Nanjing
92%
Vũ Hán Wuhan
92%
Ma Cao Macau
85%
Thượng Hải Shanghai
85%
Thiên Tân Tianjin
69%
Trường Sa Changsha
62%
Phúc Châu Fuzhou
62%
Thanh Đảo Qingdao
62%
Tô Châu Suzhou
62%
Tây An Xi An
62%
Thành Đô Chengdu
54%
Trùng Khánh Chongqing
54%
Hải Cẩu Haikou
54%
Cáp Nhĩ Tân Harbin
54%
Lan Châu Lanzhou
54%
Thẩm Dương Shenyang
54%
Thâm Quyến Shenzhen
54%
Đông Hoản Dongguan
46%
Lạc Dương Luoyang
46%
Thái Nguyên Taiyuan
46%
Trường Xuân Changchun
38%
Quý Dương Guiyang
38%
Tế Nam Jinan
38%
Bao Đầu Baotou
23%
Phật Sơn Foshan
23%
Tuyền Châu Quanzhou
23%
Trịnh Châu Zhengzhou
23%
No matching quizzes found
Score Distribution
Percent of People with Each Score
Percentile by Number Answered
Your Score History
You have not taken this quiz